000 01157nam a2200265 a 4500
001 BRCA_744
005 20190320203130.0
008 880609s1986 mx-a---##b---f000-0#spa-d
020 _a9688160652
040 _aDLC
_cDLC
_dDLC
050 4 _aF1386
_b.D57 11
_c1986
100 1 _aCampos Rebollo, Mario Ramón
_92462
245 1 0 _aLa casa de los franciscanos en la Ciudad de México
_breseña de los cambios que sufrió el Convento de San Francisco de los siglos XVI al XIX
_cMario Ramón Campos Rebollo.
260 _aMéxico
_bDepartamento del Distrito Federal : Secretaría General de Desarrollo Social : Dirección General de Acción Social : Cívica, Cultural y Turística
_c1986
300 _a89 p.
_bil.
_c21 cm.
440 0 _aColección Distrito Federal
_v11
_92463
500 _aIncluye índice de ilustraciones
504 _aBibliografía: p. 85-89
610 2 4 _aFranciscano
_zMéxico
_92464
610 2 4 _aConvento de San Francisco (Ciudad de México)
_92465
650 1 4 _aArquitectura religiosa
_zMéxico
_924
650 1 4 _aArquitectura franciscana
_zMéxico
_92466
651 4 _aCiudad de México
_xEdificios, estructuras, etc.
_91264
942 _2lcc
_cB
999 _c643
_d643